[Event "GER-chT U20"]
[Site "Magdeburg"]
[Date "2023.12.30"]
[Round "7.7"]
[White "Barz, Henrik"]
[Black "Burghardt, Jonathan"]
[Result "1-0"]
[WhiteElo "1539"]
[BlackElo "1260"]
[PlyCount "127"]
[EventDate "2023.12.26"]
[EventType "team-swiss"]
[EventRounds "7"]
[EventCountry "GER"]
[SourceTitle "CBM 218 Extra"]
[Source "ChessBase"]
[SourceDate "2024.03.31"]
[SourceVersion "1"]
[SourceVersionDate "2024.03.31"]
[SourceQuality "1"]
[WhiteTeam "Gera"]
[BlackTeam "Magdeburg USC"]
[WhiteTeamCountry "GER"]
[BlackTeamCountry "GER"]

1. e4 c6 2. d4 d5 3. e5 Bf5 4. Nf3 e6 5. Be2 Ne7 6. 0-0 h6 7. c4 Nd7 8. Nc3 Bh7 9. h4 Nf5 10. g3 Be7 11. cxd5 cxd5 12. Be3 0-0 13. Qd2 a6 14. Kg2 b5 15. a3 Nb6 16. Rh1 Nc4 17. Bxc4 bxc4 18. g4 Nxh4+ 19. Nxh4 Bxh4 20. Bxh6 f5 21. Be3 fxg4 22. Rh2 Bf5 23. Rah1 g5 24. Bf4 Kg7 25. Rxh4 gxf4 26. Kg1 Qe7 27. Qxf4 Rh8 28. Rxh8 Rxh8 29. Rxh8 Kxh8 30. Qh6+ Qh7 31. Qf8+ Qg8 32. Qxg8+ Kxg8 33. Kh2 Kf7 34. Kg3 Kg6 35. Kh4 a5 36. Nd1 Bd3 37. Nc3 Kf5 38. Kg3 Bc2 39. f3 gxf3 40. Kxf3 Be4+ 41. Ke3 Bc2 42. Nb5 Ba4 43. Nd6+ Kg6 44. Nb7 Bc6 45. Nxa5 Ba8 46. b3 cxb3 47. Nxb3 Kf5 48. Nc5 Bc6 49. a4 Kg6 50. a5 Kf7 51. Kf4 Ke7 52. Kg5 Ba8 53. Kg6 Bc6 54. Kg7 Ba8 55. a6 Bc6 56. a7 Ba8 57. Na4 Bc6 58. Nb6 Bb7 59. a8Q Bxa8 60. Nxa8 Kd7 61. Kf7 Kc8 62. Kxe6 Kd8 63. Kd6 Ke8 64. e6 1-0

[Event "GER-chT U20"]
[Site "Muenster"]
[Date "2022.12.30"]
[Round "7"]
[White "Barz, Henrik"]
[Black "Maguire, Kristof"]
[Result "1-0"]
[WhiteElo "1647"]
[BlackElo "1449"]
[PlyCount "79"]
[EventDate "2022.12.26"]
[EventType "team-swiss"]
[EventRounds "7"]
[EventCountry "GER"]
[SourceTitle "CBM 212 Extra"]
[Source "ChessBase"]
[SourceDate "2023.03.31"]
[SourceVersion "1"]
[SourceVersionDate "2023.03.31"]
[SourceQuality "1"]
[WhiteTeam "Gera"]
[BlackTeam "Regensburg Bavaria"]
[WhiteTeamCountry "GER"]
[BlackTeamCountry "GER"]

1. e4 c5 2. Nf3 Nc6 3. d4 cxd4 4. Nxd4 g6 5. Be3 Bg7 6. c3 d6 7. Nd2 Bd7 8. N2b3 a6 9. Qd2 Rc8 10. f3 h5 11. Be2 Nf6 12. h3 Ne5 13. 0-0-0 b5 14. Nc2 Be6 15. Kb1 Nc4 16. Bxc4 bxc4 17. Nbd4 Nd7 18. Nxe6 fxe6 19. f4 Nc5 20. Bxc5 Rxc5 21. Nd4 Bxd4 22. Qxd4 Kf7 23. g4 Qc8 24. Rdg1 a5 25. Rh2 e5 26. Qf2 exf4 27. Qxf4+ Ke6 28. gxh5 gxh5 29. Rg5 Rxg5 30. Qxg5 Qc5 31. Qg6+ Kd7 32. Kc2 Qe3 33. Qf5+ Kc6 34. Qd5+ Kd7 35. Qb5+ Kc7 36. Qxc4+ Qc5 37. Qxc5+ dxc5 38. Kd3 e5 39. Kc4 Kc6 40. Rg2 1-0

[Event "GER-chT U20"]
[Site "Muenster"]
[Date "2022.12.29"]
[Round "5"]
[White "Scheifel, Maximilian"]
[Black "Barz, Henrik"]
[Result "1-0"]
[WhiteElo "1561"]
[BlackElo "1647"]
[PlyCount "53"]
[EventDate "2022.12.26"]
[EventType "team-swiss"]
[EventRounds "7"]
[EventCountry "GER"]
[SourceTitle "CBM 212 Extra"]
[Source "ChessBase"]
[SourceDate "2023.03.31"]
[SourceVersion "1"]
[SourceVersionDate "2023.03.31"]
[SourceQuality "1"]
[WhiteTeam "Karlsruhe"]
[BlackTeam "Gera"]
[WhiteTeamCountry "GER"]
[BlackTeamCountry "GER"]

1. e4 e6 2. d4 d5 3. Nd2 Nf6 4. e5 Nfd7 5. Ngf3 c5 6. c3 Nc6 7. Be2 cxd4 8. cxd4 f6 9. exf6 Nxf6 10. 0-0 Bd6 11. Re1 0-0 12. Nf1 Ne4 13. Bd3 Nf6 14. Bg5 Bd7 15. Rc1 Qb8 16. Bb1 Bf4 17. Bxf4 Qxf4 18. Ng3 Rae8 19. Ne2 Qd6 20. Nc3 Ng4 21. Bxh7+ Kxh7 22. Ng5+ Kg8 23. Qxg4 Qf4 24. Qh5 Qxf2+ 25. Kh1 Rf6 26. Qh7+ Kf8 27. Nxd5 1-0

[Event "GER-chT U16"]
[Site "Kiel"]
[Date "2022.07.25"]
[Round "5.2"]
[White "Schauties, Nico Antonio"]
[Black "Barz, Henrik"]
[Result "0-1"]
[WhiteElo "1818"]
[BlackElo "1492"]
[PlyCount "52"]
[EventDate "2022.07.22"]
[EventType "team-swiss"]
[EventRounds "7"]
[EventCountry "GER"]
[SourceTitle "CBM 209 Extra"]
[Source "ChessBase"]
[SourceDate "2022.09.30"]
[SourceVersion "1"]
[SourceVersionDate "2022.09.30"]
[SourceQuality "1"]
[WhiteTeam "Berlin Mattnetz"]
[BlackTeam "Gera"]
[WhiteTeamCountry "GER"]
[BlackTeamCountry "GER"]

1. c4 Nf6 2. g3 e6 3. Bg2 d5 4. Nf3 c6 5. cxd5 cxd5 6. 0-0 Be7 7. d3 0-0 8. b3 Nc6 9. Bb2 Bd7 10. Nbd2 Rc8 11. Rc1 Qa5 12. a3 b5 13. b4 Qb6 14. Nb3 a5 15. bxa5 Nxa5 16. Ne5 Rxc1 17. Qxc1 Nxb3 18. Nxd7 Nxc1 19. Nxb6 Nxe2+ 20. Kh1 Rb8 21. Nxd5 Nxd5 22. Bxd5 exd5 23. Re1 Nxg3+ 24. hxg3 Rb7 25. a4 bxa4 26. Ba3 Bxa3 0-1